| 000 | 00732nam a22002057a 4500 | ||
|---|---|---|---|
| 999 |
_c394 _d394 |
||
| 003 | AR-CdUCM | ||
| 008 | 190223b ||||| |||| 00| 0 spa d | ||
| 040 |
_aMUNICIPALIDAD PROVINCIAL DEL CUSCO _cBIBLIOTECA MUNICIPAL DEL CUSCO |
||
| 082 |
_a869.569 / _bES77 |
||
| 100 |
_aEscobar, Alberto _91581 |
||
| 245 | _aComo leer a Vallejo / | ||
| 260 |
_aPeru : _bP. L. Villanueva editor; _c1973. |
||
| 300 |
_a339 paginas ; _c20cm. |
||
| 505 | _aHeraldos negros -- Trilce -- Poemas en prosa -- Poemas humanos -- España, aparta de mi este caliz ... | ||
| 650 |
_aLos planos del amor _91582 |
||
| 650 |
_aLa experiencia y los símbolos _91583 |
||
| 650 |
_aEl pasado y los símbolos _91584 |
||
| 942 |
_2ddc _cLIBROS |
||
| 945 |
_arum _d2019-02-23 |
||